Воспитательная работа в образовательных организациях: новые установки и возможности: монография

Библиографические подробности
Другие авторы: Матюшенко С. В. Светлана Владимировна (редактор), Фрик О. В. Ольга Владимировна
Примечания:В издании представлены категории и понятия современной воспитательной деятельности, обозначены новые подходы и виды воспитания, в том числе в условиях проведения специальной военной операции, выявлены особенности современного пери ода развития российского и белорусского воспитательного пространства, воспитательных аспектов при преподавании различных учебных дисциплин. Монография предназначена для профессорско-преподавательского со става, аспирантов и лиц, осуществляющих воспитательную работу в различи образовательных организациях.
Язык:русский
Опубликовано: Москва, Русайнс, 2025
Предметы:
Формат: MixedMaterials Книга
Запись в KOHA:https://koha.lib.tpu.ru/cgi-bin/koha/opac-detail.pl?biblionumber=679735

MARC

LEADER 00000nam0a2200000 4500
001 679735
005 20250505095853.0
010 |a 978-5-466-09048-2 
090 |a 679735 
100 |a 20250416d2025 k||y0rusy50 ca 
101 0 |a rus 
102 |a RU 
105 |a y z 001yy 
181 0 |a i   |b  e  
182 0 |a n 
183 0 |a nc  |2 RDAcarrier 
200 1 |a Воспитательная работа в образовательных организациях: новые установки и возможности  |e монография  |f под ред. С. В. Матюшенко, О. В. Фрик 
203 |a Текст  |b визуальный  |c непосредственный 
210 |a Москва  |c Русайнс  |d 2025 
215 |a 262 с. 
283 |a volume  |2 RDAcarrier 
320 |a Список литературы: с. 234-256 
330 |a В издании представлены категории и понятия современной воспитательной деятельности, обозначены новые подходы и виды воспитания, в том числе в условиях проведения специальной военной операции, выявлены особенности современного пери ода развития российского и белорусского воспитательного пространства, воспитательных аспектов при преподавании различных учебных дисциплин. Монография предназначена для профессорско-преподавательского со става, аспирантов и лиц, осуществляющих воспитательную работу в различи образовательных организациях. 
606 1 |a Высшее образование  |x Теория воспитания  |9 86021 
610 1 |a воспитательная работа 
610 1 |a междисциплинарность 
610 1 |a образовательный процесс 
610 1 |a экологическое сознание 
610 1 |a всестороннее развитие 
610 1 |a студенты 
610 1 |a высшие учебные заведения 
610 1 |a творчество 
610 1 |a саморазвитие 
610 1 |a профессиональное сознание 
610 1 |a педагогическое обеспечение 
610 1 |a здоровьесберегающая среда 
610 1 |a вузы 
610 1 |a корпоративная культура 
610 1 |a физическое воспитание 
610 1 |a духовно-нравственное воспитание 
610 1 |a кадры 
610 1 |a идеологическое образование 
610 1 |a ведомственные образовательные организации 
610 1 |a речевая культура 
610 1 |a воспитательные методы 
610 1 |a монографии 
686 |2 rubbk  |a Ч481.3 
702 1 |4 340  |a Матюшенко  |b С. В.  |g Светлана Владимировна 
702 1 |4 340  |a Фрик  |b О. В.  |g Ольга Владимировна 
801 0 |a RU  |b 63413507  |c 20250415 
850 |a 63413507 
942 |c BK